000 00889nam a2200265Ia 4500
003 OSt
005 20220923211315.0
006 a|||||r|||| 00| 0
007 ta
008 Pun
020 _a9788180591204 (hbk)
_c200
024 _a320,104
037 _b792, 27/02/2017, H.K. Prakashan
_cTextual
040 _aARTS
_cARTS
_bPun
041 _2Pun
_aPun
082 _aO153,2M92:g, Q6
100 _aਅੰਜੂ ਬਾਲਾ, ਂਚ.
245 0 _aਆਈ ਸੀ ਨੰਦਾ ਦੇ ਨਾਟਕਾਂ ਵਿਚ ਹਾਸ-ਵਿਅੰਗ
260 _aਦਿੱਲੀ
_b F੍ਰੀ ਪ੍ਰਕਾFਨ
_c2016
300 _a76ਪ੍ਰ0
_ccm.
650 _a ਪੰਜਾਬੀ ਨਾਟਕ
650 _aਸ਼ਚਅਹ਼ਲਜ
942 _hO153,2M92:g, Q6
_cTEXL
_2CC
999 _c298318
_d298318